| 000 | 00403pab a2200157 454500 | ||
|---|---|---|---|
| 008 | 180718b2017 xxu||||| |||| 00| 0 eng d | ||
| 100 | _aManhas, Rashmi | ||
| 245 | _aRole of Indian post (post office) in financial inclusion | ||
| 260 | _c2017 | ||
| 300 | _ap.47-58. | ||
| 362 | _aApr-Jun | ||
| 650 | _aPostal services - India | ||
| 650 | _aPostal services | ||
| 773 | _aAbhigyan | ||
| 909 | _a114836 | ||
| 999 |
_c114830 _d114830 |
||